000 00833nam a2200253Ia 4500
003 OSt
005 20220930065726.0
006 a|||||r|||| 00| 0
007 ta
008 220926b |||||||| |||| 00| 0 eng d
024 _a6003
037 _cTheses
040 _aCRL
_cCRL
_beng
041 _2eng
_aeng
100 _aNarayan R. Shriman
_9526267
110 _aUniversity of Delhi. Faculty of Medical Sciences. Department of Orthopaedics
_9519703
245 0 _aCritical analysis of reconstructive procedures of the thumb
260 _c1982
650 _aORTHOPEDICS
_9519704
700 _a Dr J S Makhani Supervisor
_9526268
700 _aUniversity of Delhi. Faculty of Medical Sciences. Department of Orthopaedics
_9519706
942 _cDIS
_2CC
999 _c859931
_d859931